000 00649nam a2200217Ia 4500
005 20260601193224.0
008 260601s9999||||xx |||||||||||||| ||und||
020 _a978-3-031-42212-6
_qebk
100 _aAndrey Sadovykh
245 0 _aCyberSecurity in a DevOps Environment
250 _a2024
260 _aHeidelberg, Germany
_bSpringer Nature
_c2024
650 _aComputer Science
700 _aAlessandra Bagnato
700 _aAna Rosa Cavalli
700 _aCristina Seceleanu
700 _aDragos Truscan
700 _aWissam Mallouli
856 _uhttps://link.springer.com/openurl?genre=book&isbn=978-3-031-42212-6
942 _cEB
_2ddc
999 _c55883
_d55883